Sports Quiz

Random Sports or Basketball Quiz

ABA Teams Quiz Stats

 Plays Quiz Updated Jan 29, 2020

Support Sporcle.
Go Orange.
Score 0/26 Timer 08:00
5 Plays Today
Seasons Team % Correct
Team 8New York Nets
83%
Team 3San Antonio Spurs
80.9%
Team 4Denver Nuggets
66.6%
Team 6Indiana Pacers
66.2%
Team 4Denver Rockets
46.1%
Team 7Kentucky Colonels
43.2%
Team 10Virginia Squires
32%
Team 2Houston Mavericks
31.9%
Team 2Spirits of St. Louis
29.9%
Team 1Utah/Los Angeles Stars
27.4%
Team 2Carolina Cougars
21.8%
Team 3Dallas/Texas Chaparrals
21.2%
Team 9Pittsburgh/Minnesota Pipers
20.6%
Seasons Team % Correct
Team 10Oakland Oaks
20.4%
Team 5The (Miami) Floridians
19.5%
Team 8New Jersey Americans
19.4%
Team 12San Diego Conquistadors
19.1%
Team 11Memphis Tams
18.9%
Team 1Anaheim Amigos
17.2%
Team 9Pittsburgh Condors
16.1%
Team 5Minnesota Muskies
14.8%
Team 11New Orleans Buccaneers
14.2%
Team 11Memphis Sounds
13.9%
Team 12San Diego Sails
13.1%
Team 10Washington Caps
12.6%
Team 11Memphis Pros
12.4%

From the Vault

Crossword Whiteout! IX

by hockeystix3

It's always helpful to have around if you're a perfectionist and you're solving your crosswords in pen.
Remove Ads.
Support Sporcle.
Get the best of Sporcle when you Go Orange. This ad-free experience offers more features, more stats, and more fun while also helping to support Sporcle. Thank you for becoming a member.

Show Comments

Extras

Top Quizzes Today


Score Distribution

Your Account Isn't Verified!

In order to create a playlist on Sporcle, you need to verify the email address you used during registration. Go to your Sporcle Settings to finish the process.

Report this User

Report this user for behavior that violates our Community Guidelines.

Details: